Geography Quiz

Random Geography or State Quiz

Iowa Cities Quiz Stats

 Plays Quiz Updated Apr 9, 2018

Support Sporcle.
Go Orange.
Score 0/20 Timer 06:00
5 Plays Today
Rank City % Correct
1Des Moines
98%
5Iowa City
82.8%
2Cedar Rapids
73.5%
7Ames
70.5%
3Davenport
69.8%
4Sioux City
64.4%
11Dubuque
58.5%
6Waterloo
50.7%
9Council Bluffs
47.4%
13Cedar Falls
46.6%
Rank City % Correct
8West Des Moines
44.5%
16Mason City
39.4%
15Bettendorf
37.5%
10Ankeny
34.6%
19Burlington
30.9%
12Urbandale
29%
20Ottumwa
28.5%
17Marshalltown
26.4%
18Clinton
25.6%
14Marion
21.7%

You're not logged in!

Compare scores with friends on all Sporcle quizzes.
OR
Log In

From the Vault

Bible Books by Any 3 Letters

by RobPro

We can't be sure if this quiz breaks any commandments.
Remove Ads.
Support Sporcle.
Get the best of Sporcle when you Go Orange. This ad-free experience offers more features, more stats, and more fun while also helping to support Sporcle. Thank you for becoming a member.

Show Comments

Extras

Top Quizzes Today


Score Distribution

Your Account Isn't Verified!

In order to create a playlist on Sporcle, you need to verify the email address you used during registration. Go to your Sporcle Settings to finish the process.

Report this User

Report this user for behavior that violates our Community Guidelines.

Details: